June Birthdays: Picture Edition - Statistics

General Stats
  • This quiz has been taken 91 times
  • The average score is 17 of 30
Answer Stats
Picture Hint Answer % Correct
14 - Businessman/U.S. President Donald Trump
92%
1 - Actress/Singer Marilyn Monroe
88%
7 - Musician/Actor Prince
88%
9 - Actor/Musician Johnny Depp
86%
4 - Actress/Director Angelina Jolie
80%
12 - Holocaust victim Anne Frank
79%
21 - Duke of Cambridge Prince William
76%
26 - Singer/Actress Ariana Grande
73%
8 - Rapper/Producer Kanye West
73%
5 - Actor/Rapper Mark Wahlberg
71%
18 - Singer-Songwriter Paul McCartney
71%
30 - Olympic Swimmer Michael Phelps
68%
13 - Actresses/Fashion Designers Mary-Kate & Ashley Olsen
67%
16 - Rapper/Actor Tupac Shakur
65%
20 - Actress/Producer Nicole Kidman
64%
28 - English Monarch King Henry VIII
62%
25 - Singer (Wham!) George Michael
61%
22 - Actress Meryl Streep
61%
10 - Actress/Singer Judy Garland
60%
15 - Rapper/Actor Ice Cube
56%
24 - Football Player Lionel Messi
56%
2 - First Lady Martha Washington
44%
3 - Journalist Anderson Cooper
37%
29 - Actor Gary Busey
23%
27 - Activist Helen Keller
23%
6 - Actor Robert Englund
20%
11 - NFL Quarterback Joe Montana
19%
17 - U.S. Politician Newt Gingrich
17%
19 - MLB Player Lou Gehrig
14%
23 - Inventor/Blacksmith Johannes Gutenberg
13%
No matching quizzes found
Score Distribution
Percent of People with Each Score
Percentile by Number Answered
Your Score History
You have not taken this quiz